ბათუმის შოთა რუსთაველის სახელმწიფო უნივერსიტეტის ბიბლიოთეკა

Artificial Intelligence with Python: (ბიბ.ჩანაწერი № 61268)

000 -LEADER
fixed length control field 00802nam a22002057a 4500
005 - DATE AND TIME OF LATEST TRANSACTION
control field 20240123104354.0
008 - FIXED-LENGTH DATA ELEMENTS--GENERAL INFORMATION
fixed length control field 240123s2020 enk||||| |||| 00| 0 eng d
020 ## - INTERNATIONAL STANDARD BOOK NUMBER
International Standard Book Number 9781839219535x
041 ## - LANGUAGE CODE
Language code of text/sound track or separate title eng
080 ## - UNIVERSAL DECIMAL CLASSIFICATION NUMBER
Universal Decimal Classification number 004.8 A-81
100 ## - MAIN ENTRY--PERSONAL NAME
Personal name Artasanchez, Alberto
9 (RLIN) 21089
245 ## - TITLE STATEMENT
Title Artificial Intelligence with Python:
Remainder of title Your complete guide to building intelligent apps using Python 3.x /
Statement of responsibility, etc. Alberto Artasanchez, Prateek Joshi.
250 ## - EDITION STATEMENT
Edition statement Second edition
264 ## - PRODUCTION, PUBLICATION, DISTRIBUTION, MANUFACTURE, AND COPYRIGHT NOTICE
Place of production, publication, distribution, manufacture Birmingham :
Name of producer, publisher, distributor, manufacturer Packt Publishing,
Date of production, publication, distribution, manufacture, or copyright notice 2020.
300 ## - PHYSICAL DESCRIPTION
Extent 592 p.:
Other physical details ill.;
Dimensions 24 cm.
653 ## - INDEX TERM--UNCONTROLLED
keyword პითონის პროგრამირება
653 ## - INDEX TERM--UNCONTROLLED
keyword ხელოვნური ინტელექტი Python-ით
700 ## - ADDED ENTRY--PERSONAL NAME
Personal name Joshi, Prateek
Relator term ავტორი
9 (RLIN) 12740
942 ## - ADDED ENTRY ELEMENTS (KOHA)
Source of classification or shelving scheme
Koha item type წიგნი
ეგზემპლარები
Withdrawn status Lost status Source of classification or shelving scheme Damaged status Not for loan Permanent Location Current Location Shelving location Date acquired Cost, normal purchase price Full call number Barcode Date last seen Copy number Price effective from Koha item type Public note
          ბათუმის შოთა რუსთაველის სახელმწიფო უნივერსიტეტის მთავარი ბიბლიოთეკა ბათუმის შოთა რუსთაველის სახელმწიფო უნივერსიტეტის მთავარი ბიბლიოთეკა წიგნსაცავი 2024-01-23 222.00 004.8 A-81 67151 2024-01-23 67151 2024-01-23 წიგნი 222 ლ.